| 000 | 01192cam a22002054a 4500 | ||
|---|---|---|---|
| 005 | 20250605164010.0 | ||
| 008 | 250528s ||||||||||||||||||||||||d | ||
| 035 | _a15931 | ||
| 020 | _a750603674 | ||
| 040 |
_aGR-AtMCL _bgre _dGR-AtMCL _eAACR2 |
||
| 245 | 1 | _aThe Strategy of Distribution Management | |
| 260 |
_bButterworth Heinemann, _c1986 |
||
| 300 | _a182 | ||
| 505 | 0 | _aPreface, The Total Distribution Concept, The Corporate Role of Logistics, Customer Service and Marketing, The Cost of Distribution, Auditing Distribution Performance, Logistics Information Systems, Distribution Requirements Planning, Distribution and Supply Channel Strategy, Developing the Distribution Plan, Implementing Logistics Strategy, Index. | |
| 520 | _aPreface, The Total Distribution Concept, The Corporate Role of Logistics, Customer Service and Marketing, The Cost of Distribution, Auditing Distribution Performance, Logistics Information Systems, Distribution Requirements Planning, Distribution and Supply Channel Strategy, Developing the Distribution Plan, Implementing Logistics Strategy, Index. | ||
| 700 | 1 |
_aChristopher Martin _91431 |
|
| 942 | _cBK | ||
| 999 |
_c1478 _d1478 |
||